Science Quiz

Random Science or Biology Quiz

Wrong Answer Roulette: Science Quiz Stats

 Plays Quiz Updated Oct 26, 2014

Score 0/185 Timer 08:00
10 Plays Today
% Correct
???
100%
???
100%
???
99.9%
???
99.9%
???
99.9%
???
99.9%
???
99.9%
???
99.9%
???
90.9%
???
90.1%
???
90%
???
89%
???
89%
???
88.9%
???
88.9%
???
88.9%
???
88.9%
???
88.9%
???
88.9%
???
88.9%
???
75.2%
???
73.9%
???
72.5%
???
72.3%
???
72.2%
???
72.2%
???
72.2%
???
72.2%
???
72.2%
???
72.2%
???
72.2%
???
72.2%
???
71.2%
???
70.8%
???
70.6%
???
70.3%
???
70.3%
???
70.3%
???
70.3%
???
70.3%
???
70.3%
???
70.3%
???
70.3%
???
70.3%
???
70.3%
???
69.9%
???
69.8%
???
69.8%
???
69.6%
???
69.6%
???
69.6%
???
69.6%
???
69.6%
???
69.6%
???
69.6%
???
69.6%
???
69.6%
???
64.7%
???
64.3%
???
62.3%
???
56.9%
???
56.8%
% Correct
???
56.8%
???
56.8%
???
56.8%
???
56.8%
???
56.8%
???
56.8%
???
56.8%
???
50.1%
???
49.2%
???
47.3%
???
43.4%
???
43.3%
???
43.3%
???
43.3%
???
43.3%
???
43.3%
???
43.3%
???
43.3%
???
43.3%
???
43.3%
???
38.2%
???
37.7%
???
37.3%
???
37.2%
???
37.2%
???
37.2%
???
37.2%
???
37.2%
???
37.2%
???
37.2%
???
37.2%
???
37.2%
???
34%
???
33.5%
???
33.1%
???
32.8%
???
32.8%
???
32.8%
???
32.8%
???
32.8%
???
32.8%
???
32.8%
???
32.8%
???
32.8%
???
24.5%
???
23.2%
???
22.4%
???
21.3%
???
21.3%
???
21.3%
???
21.3%
???
21.3%
???
21.3%
???
21.3%
???
21.3%
???
21.3%
???
21.3%
???
20.3%
???
20.2%
???
20.1%
???
19.5%
???
19.5%
% Correct
???
19.5%
???
19.4%
???
19.4%
???
19.5%
???
19.5%
???
19.5%
???
19.5%
???
17.9%
???
17.2%
???
17.2%
???
16.7%
???
16.7%
???
16.7%
???
16.7%
???
16.7%
???
16.7%
???
16.7%
???
16.7%
???
16.7%
???
15.4%
???
15.2%
???
14.9%
???
14.7%
???
14.7%
???
14.7%
???
14.7%
???
14.7%
???
14.7%
???
14.7%
???
14.7%
???
14.7%
???
14.6%
???
14.1%
???
14%
???
14%
???
13.9%
???
13.8%
???
13.8%
???
13.8%
???
13.8%
???
13.8%
???
13.8%
???
13.8%
???
13.8%
???
11%
???
10.6%
???
10.5%
???
10.3%
???
10.2%
???
10.2%
???
10.2%
???
10.2%
???
10.2%
???
10.2%
???
10.2%
???
10.2%
???
8%
???
6.8%
???
6.5%
???
5.7%
???
5.7%

You're not logged in!

Compare scores with friends on all Sporcle quizzes.
OR
Log In

Show Comments

Extras

Top Quizzes Today


Score Distribution

Your Account Isn't Verified!

In order to create a playlist on Sporcle, you need to verify the email address you used during registration. Go to your Sporcle Settings to finish the process.

Report this User

Report this user for behavior that violates our Community Guidelines.

Details: